ბათუმის შოთა რუსთაველის სახელმწიფო უნივერსიტეტის ბიბლიოთეკა

ქმედების დანაშაულად კვალიფიკაციის ზოგადი თეორია (ბიბ.ჩანაწერი № 49404)

000 -LEADER
fixed length control field 00911nam a2200253Ia 4500
001 - CONTROL NUMBER
control field 16324
003 - CONTROL NUMBER IDENTIFIER
control field GE_BSU
008 - FIXED-LENGTH DATA ELEMENTS--GENERAL INFORMATION
fixed length control field 181216s||||||||xx |||||||||||||| ||und||
020 ## - INTERNATIONAL STANDARD BOOK NUMBER
International Standard Book Number ISBN 978-9941-9139-3-8
040 ## - CATALOGING SOURCE
Transcribing agency GE_BSU
080 ## - UNIVERSAL DECIMAL CLASSIFICATION NUMBER
Universal Decimal Classification number 343.23
100 ## - MAIN ENTRY--PERSONAL NAME
Personal name ნაჭყებია, გურამ
245 ## - TITLE STATEMENT
Title ქმედების დანაშაულად კვალიფიკაციის ზოგადი თეორია
245 ## - TITLE STATEMENT
Remainder of title დამხმ. სახელმძღვ.
245 ## - TITLE STATEMENT
Statement of responsibility, etc. რედ. მზია ლეკვეიშვილი ; გამომც.-რედ. ზაურ ნაჭყებია
260 ## - PUBLICATION, DISTRIBUTION, ETC.
Place of publication, distribution, etc. თბილისი
260 ## - PUBLICATION, DISTRIBUTION, ETC.
Name of publisher, distributor, etc. ინოვაცია
260 ## - PUBLICATION, DISTRIBUTION, ETC.
Date of publication, distribution, etc. 2010.
300 ## - PHYSICAL DESCRIPTION
Extent 290გვ;20სმ
653 ## - INDEX TERM--UNCONTROLLED
Uncontrolled term დანაშაული
653 ## - INDEX TERM--UNCONTROLLED
Uncontrolled term სამართალი
942 ## - ADDED ENTRY ELEMENTS (KOHA)
Koha item type წიგნი
ეგზემპლარები
Withdrawn status Lost status Damaged status Not for loan Date acquired Barcode Date last seen Price effective from Koha item type
        2018-12-17 40655 2018-12-17 2018-12-17 წიგნი